00613nam a22002057a 450000500170000000800410001704000070005824500130006525000330007849000240011152001440013565000120027965000120029165000190030365000140032265000160033694200120035299900150036495200280037920250519134846.0250519b |||||||| |||| 00| 0 eng d cDO aCheetahs aDecember 1999 Vol. 196 No. 6 aNational Geographic aCheetahs-Ghosts of the Grasslands, Florida Keys: Pradise With Attitude, Ancient Greece, Geographic Century, The Brothers Grimm, Survey 2000 xCHEETAH xFLORIDA xANCIENT GREECE xGEOGRAPHY xFAIRY TALE  2ddccCR c5538d5538 aDObDOpDSMSR121999-047